Statistics for The Isley Brothers Discography

Click here to take the quiz!

General Stats

  • This quiz has been taken 2 times
  • The average score is 12 of 55

Answer Stats

TypeYearName% Correct
Album1983Between the Sheets
100%
Album1977Go for Your Guns
100%
Album1959Shout!
100%
Album1987Smooth Sailin'
100%
Album19733 + 3
50%
Album1972Brother, Brother, Brother
50%
Album1971Givin' It Back
50%
Album1980Go All the Way
50%
Album1976Harvest for the World
50%
Album1981Inside You
50%
Live Album1993Live!
50%
Album1974Live It Up
50%
Album1985Masterpiece
50%
Album1967Soul on the Rocks
50%
Album1969The Brothers: Isley
50%
Album1975The Heat Is On
50%
Album1982The Real Deal
50%
Album1966This Old Heart of Mine
50%
Album1963Twisting and Shouting
50%
Album1962Twist & Shout
50%
Album2006Baby Makin' Music
0%
Compilation1994Beautiful Ballads
0%
Compilation2006Beautiful Ballads, Vol. 2
0%
Album2003Body Kiss
0%
Compilation2006Brotherhood
0%
Compilation1969Doin' Their Thing: Best of the Isley Brothers
0%
Album2001Eternal
0%
Compilation1977Forever Gold
0%
Album1970Get into Something
0%
Album1981Grand Slam
0%
Compilation1984Greatest Hits, Vol. 1
0%
Holiday Album2007I'll Be Home for Christmas
0%
Collaborative Compilation1971In the Beginning...
0%
Compilation1973Isleys' Greatest Hits
0%
Album1969It's Our Thing
0%
Compilation1999It's Your Thing: The Story of the Isley Brothers
0%
Live Album1969Live at Yankee Stadium
0%
Compilation2001Love Songs
0%
Album1996Mission to Please
0%
Collaborative Album2017Power of Peace
0%
Album1978Showdown
0%
Album1989Spend the Night
0%
Compilation2005Summer Breeze: Greatest Hits
0%
Compilation2004Taken to the Next Please
0%
Compilation1966Take Some Time Out for the Isley Brothers
0%
Compilation1976The Best...
0%
Compilation2007The Definitive Collection
0%
Compilation2004The Essential Isley Brothers
0%
Compilation1991The Isley Brothers Story, Vol. 1: Rockin' Soul (1959-68)
0%
Compilation1991The Isley Brothers Story, Vol. 2: The T-Neck Years (1969-85)
0%
Live Album1973The Isleys Live
0%
Compilation1978Timeless
0%
Album1992Tracks of Life
0%
Compilation2000Ultimate Isley Brothers
0%
Album1979Winner Takes All
0%

Score Distribution

Percentile by Number Answered

Percent of People with Each Score

Your Score History

You have not taken this quiz